| Tag |
First Indicator |
Second Indicator |
Subfields |
| LEADER |
00000cam a2200000 a 4500 |
| 001 |
in00004465713 |
| 005 |
20191202121723.0 |
| 008 |
790724s1979 moua b 00110 eng d |
| 010 |
|
|
|a 78068556
|
| 035 |
|
|
|a (OCoLC)05203718
|
| 035 |
|
|
|z (UtOrBLW)8697
|
| 035 |
|
|
|a 14888
|
| 040 |
|
|
|a IPL
|c IPL
|d CUX
|d TMV
|d UtOrBLW
|
| 049 |
|
|
|a TMVM
|c 1
|c 2
|
| 060 |
|
4 |
|a SF 772.65
|b L674b 1979
|
| 100 |
1 |
|
|a Lewis, Hugh Bilson.
|
| 245 |
1 |
0 |
|a Bone marrow evaluation in veterinary practice /
|c Hugh Bilson Lewis & A.H. Rebar.
|
| 264 |
|
1 |
|a St. Louis :
|b Ralston Purina,
|c [1979]
|
| 264 |
|
4 |
|c ©1979
|
| 300 |
|
|
|a 71 pages :
|b color illustrations ;
|c 28 cm.
|
| 336 |
|
|
|a text
|2 rdacontent
|b txt
|
| 337 |
|
|
|a unmediated
|2 rdamedia
|
| 338 |
|
|
|a volume
|2 rdacarrier
|b nc
|
| 500 |
|
|
|a Includes index.
|
| 504 |
|
|
|a Bibliography: page 66.
|
| 650 |
|
2 |
|a Bone Marrow Diseases
|x veterinary.
|
| 650 |
|
2 |
|a Bone Marrow Examination
|x veterinary.
|
| 700 |
1 |
|
|a Rebar, A. H.
|
| 999 |
|
|
|a MARS
|
| 999 |
f |
f |
|s a53dfd12-8b8d-312e-943d-952f36260e0c
|i 1b9050e8-d876-3cb9-be26-422209ab8254
|t 0
|
| 952 |
f |
f |
|p preservation
|a Texas A&M University
|b J.J. Pickle Campus
|c High Density Repository
|d Remote Storage
|t 0
|e SF 772.65 L674b 1979
|h National Library of Medicine classification
|i unmediated -- volume
|m 3238902322810
|
| 998 |
f |
f |
|a SF 772.65 L674b 1979
|t 0
|l Remote Storage
|